zpět

Detail výsledku týmu

Restaurace Neptun, Liberec

Datum a čas kvízu

12.5 Celkem bodů Celkový počet nahraných bodů na tomto kvízu bez doplňovacích otázek.
7. Pořadí na kvízu Konečné umístění týmu na tomto kvízu.

Zaznamenané odpovědi

# Otázka Odpověď Body Výsledky
1. V úterý byl odvolán ředitel je... Česká televize (ČT), Jan Souček 0.5
2. Terminálu jednoho letiště vévo... ve Wellingtonu 0
3. Minulý týden vyšlo album Ostra... Michal Prokop 1
4. Filipínské a americké vojenské... D) Předčasné samovolné potopení filipínské lodi. 0
5. Tři minuty a 57 sekund. Přesně... Španělsko 0
6. Podíváme se na historické udál... O. J. Simpson, americký fotbal 0
7. Dne 8. června 1992 došlo na ji... vila Tugendhat 0
8. V České republice vystoupila o... D 1
9. Jak se nazývá stát, který vsto... Chorvatsko 1
10. Uveďte název města, kde byla p... Turín; Nagano 0